000 00687nam 22002053 4500
001 201471
010 _a972-31-1037-7
021 _aPT
_b206087/04
090 _a201471
100 _a20260323d u||y0pory50 ba
200 _aA margem da transcendência : um estudo da poesia de Ruy Belo
_fManuel António Silva Ribeiro
210 _a[Lisboa]
_cFundação Calouste Gulbenkian
_d2004
215 _a430 p.
_cbrochado
_d23 cm
225 _aTextos universitários de ciências sociais e humanas
606 _93661
_aCrítica Literária.Estudos Literários
675 _a82.09
_vPT
_zpor
700 _916953
_aRibeiro
_bManuel António Silva
801 _aPT
_bBMMN
_gRPC
830 _cVanda
990 _cLIVROS